Dimensional metrology and geometric conformance : a selection from the Tool and manufacturing engineers handbook /

Saved in:
Bibliographic Details
Corporate Author: Society of Manufacturing Engineers. Publications Committee
Other Authors: Wick, Charles, Veilleux, Raymond F.
Format: Book
Language:English
Published: Dearborn, Mich. : Society of Manufacturing Engineers, c1988.
Subjects:
LEADER 01270nam a2200301 a 4500
001 c000416981
003 CARM
005 00000000000000.0
008 900326s1988 miua b 00000 eng d
019 1 |a 6874278 
020 |a 0872633152 
035 |a (OCoLC)220616655 
035 |a (vdu).b15958206 
040 |a QUT  |c QUT 
082 0 4 |a 620.0042  |2 20 
245 0 0 |a Dimensional metrology and geometric conformance :  |b a selection from the Tool and manufacturing engineers handbook /  |c Charles Wick, managing editor; Raymond F. Veilleux, staff editor. 
260 0 |a Dearborn, Mich. :  |b Society of Manufacturing Engineers,  |c c1988. 
300 |a 73 p. :  |b ill. ;  |c 28 cm. 
500 |a "Revised under the supervision of the SME Publications Committee in cooperation with the SME Technical Divisions" 
500 |a Reprint is chapter 4, vol. 4 of the Tool and manufacturing engineers handbook. 
504 |a Bibliography: p. 73. 
650 0 |a Geometrical drawing. 
650 0 |a Tolerance (Engineering) 
700 1 |a Wick, Charles. 
700 1 |a Veilleux, Raymond F. 
710 2 |a Society of Manufacturing Engineers.  |b Publications Committee. 
730 1 |a Tool and manufacturing engineers handbook. 
999 f f |i 079d645f-dffa-515b-a7c8-7e4b80d634bc  |s 9afffb53-d54f-57cb-a204-bd4091623c22